Das Ergebnis der Wahl zum sechsten Memelländischen Landtag (11. Dezember 1938)

Titel: Das Ergebnis der Wahl zum sechsten Memelländischen Landtag (11. Dezember 1938) / Gezeichnet von Dr. Werner Horn
Beteiligt:
Maßstab: 1:300 000
Veröffentlicht: Gotha : Perthes, 1939
Umfang: 1 Kt. : einfarb. mit rotem u. blauem Aufdr. ; 47 x 35 cm
Format: Karte
Sprache: Deutsch
Kein Bild verfügbar
X
Lokale Klassifikation: 45 7 V
alg: 10480664
001A    $03004:24-05-02 
001B    $01999:27-07-21 $t09:14:56.000 
001D    $03004:24-05-02 
001U    $0utf8 
001X    $00 
002@    $0Kau 
003@    $0104806648 
003O    $0174852751 $aOCoLC 
007A    $0104806648 $aHEB 
007T    $0Herdhh104806648 
010@    $ager 
011@    $a1939 
013H    $0z 
021A    $aDas @Ergebnis der Wahl zum sechsten Memelländischen Landtag (11. Dezember 1938) $hGezeichnet von Dr. Werner Horn 
028C    $#Horn, W. $7131429973 $8Horn, Werner$Z1903-1978 [Tp1] $9176827609 
033A    $pGotha $nPerthes 
034D    $a1 Kt. 
034I    $a47 x 35 cm 
034M    $aeinfarb. mit rotem u. blauem Aufdr. 
035E    $a1:300 000 
037H    $Aagx $dE 020 30 00 $eE 022 45 15 $fN 055 56 00 $gN 055 00 00 
045F    $a909 $eDDC23BSB 
045F/01 $a909 
045F/03 $g4793 
046R    $aAus: Petermanns Geogr. Mitteilungen, Jg. 85, 1939, Tafel 10. 

lok: 10480664 24
101B    $005-12-02 $t18:35:27.690 
101C    $024-05-02 
145Z/01 $a45 7 V 
101U    $0utf8 

exp: 10480664 24 1 #EPN
201B/01 $027-01-21 $t15:50:01.000 
201C/01 $024-05-02 
201U/01 $0utf8 
203@/01 $0171192737 
208@/01 $a24-05-02 $br 
209A/01 $aK 45 VIII M 8 a $dd $f050 $hK 45 8 M 8 / + 1 $x00 
209C/01 $a1354 R 1990 $h90 1354 R 
247C/01 $8358050-7 Marburg, Bibliothek des Herder-Instituts Marburg $9102600961 

exp: 10480664 24 2 #EPN
201B/02 $027-01-21 $t15:50:01.000 
201C/02 $024-05-02 
201U/02 $0utf8 
203@/02 $0171192745 
208@/02 $a24-05-02 $br 
209A/02 $aK 45 VIII M 8 b $dd $f050 $hK 45 8 M 8 / + 2 $x00 
209C/02 $a1354 R 1990 $h90 1354 R 
247C/02 $8358050-7 Marburg, Bibliothek des Herder-Instituts Marburg $9102600961 

lok: 10480664 78

exp: 10480664 78 1 #EPN
201B/01 $019-04-17 $t19:00:46.000 
201U/01 $0utf8 
203@/01 $0793500427 
208@/01 $a12-11-16 $be 
209A/01 $a/ $f000 $x00 
237A/01 $aweiterführende Signatur(en): Herder-Institut: K 45 VIII M 8 a 
244Z/01 $2Trx $#Litauen $#Lithuania $#Litwa $#Litva $#Litva $8--Trx--Lietuva $x01 $9391193457 
245Z/01 $a07.04 $x01 
247C/01 $82080>Marburg/Lahn, Herder-Institut, Forschungsbibliothek, Bibliographieportal $9336309341
LEADER 00000cem a2200000 c 4500
001 104806648
003 DE-603
005 20210727091456.0
007 a|||||||
008 020524s1939 xx |||||| a || | ||ger c
034 0 |a a  |9 A:agx  |d E 020 30 00  |e E 022 45 15  |f N 055 56 00  |g N 055 00 00 
035 |a (DE-599)HEB104806648 
035 |a (OCoLC)174852751 
040 |a DE-603  |b ger  |c DE-603  |d DE-603 
041 |a ger 
082 0 4 |8 1\u  |a 909  |q DE-101  |2 23/BSB 
085 |8 1\u  |b 909 
085 |8 1\u  |z 2  |s 4793 
245 0 0 |a ˜Dasœ Ergebnis der Wahl zum sechsten Memelländischen Landtag (11. Dezember 1938)  |c Gezeichnet von Dr. Werner Horn 
255 |a 1:300 000 
264 1 |a Gotha  |b Perthes  |c 1939 
300 |a 1 Kt.  |b einfarb. mit rotem u. blauem Aufdr.  |c 47 x 35 cm 
500 |a Aus: Petermanns Geogr. Mitteilungen, Jg. 85, 1939, Tafel 10. 
700 1 |a Horn, Werner  |d 1903-1978  |0 (DE-603)176827609  |0 (DE-588)131429973  |2 gnd 
924 0 |9 Mb 50  |a (DE-603)171192737  |b DE-Mb50  |c HES  |d d  |g K 45 VIII M 8 a 
924 0 |9 Mb 50  |a (DE-603)171192745  |b DE-Mb50  |c HES  |d d  |g K 45 VIII M 8 b 
924 0 |9 2080  |a (DE-603)793500427  |b DE-2080  |c HES  |d d  |g /